000 00664nam a2200217 i 4500
001 133525
003 ES-MaACL
005 20230906194434.0
007 t|
008 070820s1991 fr ||||1| fre d
020 _a2-8011-0692-5
080 _a(038)=134.1
100 1 _aHanse, Joseph.
_961755
245 1 0 _aNouveau dictionnaire des difficultés du français moderne /
_cJoseph Hanse.
250 _a2e ed. mise a jour et enrichie.
260 _aParis :
_bDuculot,
_c[1991]
300 _a1029 p. ;
_c20 cm.
500 _aBiblioteca Jacinto Martínez Lacalle.
650 4 _aLengua francesa-
_vDiccionarios.
_914205
852 _aES-MaACL
_jE-11971
_bR.139863
999 _c133525
_d133525